000 00585nam a2200265Ia 4500
005 20260401122334.0
008 008 250103s9999 xx 000 0 eng d
037 _aTB
040 _aEDL
040 _beng
040 _cEDL
041 _2eng
041 _aeng
084 _a704.391411 PAU
084 _qEDL
245 0 _aWoodcut Prints of Nineteenth Century Calcutta
260 _aCalcutta
260 _bSeagull Books
260 _c1983
300 _a128p
942 _cTB
942 _h704.391411 PAU
999 _c1846617
_d1846617